[Event "Hannover Region-ch op"]
[Site "Hannover"]
[Date "2003.02.08"]
[Round "3"]
[White "Zadneprovskaja, Ninel"]
[Black "Prinz, Peter"]
[Result "1-0"]
[WhiteElo "1439"]
[BlackElo "762"]
[PlyCount "39"]
[EventDate "2003.01.25"]
[EventType "swiss"]
[EventRounds "7"]
[EventCountry "GER"]
[SourceTitle "EXT 2022"]
[Source "ChessBase"]
[SourceDate "2021.10.06"]
[SourceVersion "1"]
[SourceVersionDate "2021.10.06"]
[SourceQuality "1"]

1. b4 Nf6 2. Bb2 d6 3. e3 g6 4. Nf3 Bg7 5. Be2 c5 6. b5 Bd7 7. c4 0-0 8. 0-0 a6 9. Nc3 e6 10. a4 Re8 11. Rb1 e5 12. d3 Be6 13. Ng5 h6 14. Nxe6 Rxe6 15. Ba1 e4 16. Qc2 Re5 17. Qb2 Nbd7 18. dxe4 Nxe4 19. Nxe4 Rxe4 20. Qxg7# 1-0